| 000 | 00413nam a22001457a 4500 | ||
|---|---|---|---|
| 008 | 250524b |||||||| |||| 00| 0 eng d | ||
| 020 | _a9789785927031 | ||
| 050 |
_aRD31 _b.P75 |
||
| 100 | _aAdeyanju, J.B | ||
| 245 |
_aPrinciples of surgery _bA concise text for veterinary student |
||
| 260 |
_aIbadan _bIbadan university press publishing house |
||
| 300 |
_axvii, 461p. _bill |
||
| 650 | _asurgery | ||
| 942 | _cBK | ||
| 999 |
_c3645 _d3645 |
||